000 00556nam a2200181 4500
008 170925b xxu||||| |||| 00| 0 eng d
020 _a0-471-24349-3
082 _21999
_aDC 515
_bAn8
100 _922694
_aAnton, Howard
245 _aCalculus :
_ba new horizon /
_cHoward Anton
250 _aSixth Edition
260 _aNew York :
_bWiley,
_c1999.
300 _axxxii, 1130, 129, 13 pages :
_billustrations (some colored) ;
_c27 cm
500 _aIncludes index
650 0 _922695
_aCalculus
650 0 _922696
_aGeometry, Analytic
942 _2ddc
_cDC
999 _c7482
_d7482